[Event "RUS-ch Men Blitz 2019"]
[Site "Sochi"]
[Date "2019.10.17"]
[Round "1.4"]
[White "Jakovenko, Igor"]
[Black "Ponkratov, Pavel"]
[Result "0-1"]
[WhiteElo "2170"]
[BlackElo "2621"]
[Annotator "TA"]
[PlyCount "90"]
[EventDate "2019.10.17"]
[EventType "swiss"]
[EventCountry "RUS"]
[SourceTitle "playchess.com"]
[Source "ChessBase"]
[SourceQuality "1"]

{[%evp 13,90,-9,22,-18,8,-6,26,-2,0,-3,35,0,28,1,22,18,25,0,0,-121,-108,-93,-98,-162,-75,-86,0,0,0,-45,-18,-42,-40,-70,-74,-153,-147,-145,-90,-162,-211,-188,-153,-320,-317,-270,-312,-429,-399,-423,-397,-432,-400,-341,-330,-320,-332,-417,-224,-208,-179,-415,-429,-402,-372,-426,-423,-715,-689,-814,-814,-802,-681,-800,-704,-5043,-5043,-4718,-4714]} 1. Nf3 c5 2. c4 Nf6 3. Nc3 e6 4. g3 b6 5. Bg2 Bb7 6. O-O Be7 7. d3 O-O 8. Bf4 {A30: Symmetrical English: Double Fianchetto and Hedgehog} (8. e4 d6 9. Re1 a6 10. b3 Nbd7 11. d4 cxd4 12. Nxd4 Qc7 13. Bb2 Rfe8 14. Rc1 Rac8 15. h3 Qb8 16. Qe2 Bf8 17. Rcd1 Ba8 {0-1 (48) Dubov,D (2701)-Grischuk,A (2767) Moscow 2018}) 8... d6 9. Rb1 Nbd7 10. a3 {White has an edge.} d5 $146 ({Predecessor:} 10... Qc7 11. e4 Ne5 12. Qe2 Rfe8 13. Rfe1 a6 14. Nd2 Ng6 15. Be3 d5 16. cxd5 exd5 17. exd5 {½-½ (35) Makinen,I (2114)-Kosmo,S (2201) Finland 2017}) 11. cxd5 exd5 12. d4 a6 13. Re1 Rc8 14. dxc5 bxc5 15. Qb3 Ba8 16. Qa4 (16. e3 $11 {remains equal.}) 16... d4 $17 17. Na2 Qb6 18. Nc1 (18. e3 $17 {was worth a try.}) 18... Bc6 (18... c4 $19 {And now ...Be4 would win.} 19. Bh3 Rfd8) 19. Qb3 Qb5 (19... Qa7 $17 20. Qd1 Be4) 20. Qxb5 $11 axb5 21. Nd3 Nd5 22. Bd2 Bf6 23. Rbc1 c4 $36 {[%mdl 2048] White is under strong pressure.} 24. Nf4 (24. Nb4 $142) 24... Nxf4 $17 25. Bxf4 Rfe8 ({Better is} 25... Nc5 26. Rcd1 d3) 26. g4 (26. Rcd1 $17 {might work better.}) 26... h6 $19 27. Bd6 Re6 28. Bg3 $2 (28. Bb4 $17) 28... Nc5 29. Rcd1 Nb3 30. h4 g5 31. hxg5 hxg5 32. Nd2 Nxd2 33. Rxd2 Bxg2 34. Kxg2 {[#]} d3 $1 {[%mdl 512]} 35. e4 {[#]} (35. exd3 Rxe1) 35... Bd8 (35... Bxb2 $142 $1 {[%mdl 512]} 36. Rxb2 c3 37. Rxb5 d2) 36. Rc1 {White wants to play Rxd3.} Rcc6 ({Don't do} 36... Rxe4 {[#]} 37. Rxd3 $1 {[%mdl 512]} cxd3 38. Rxc8 $17) 37. b3 $2 (37. f3) 37... Ba5 38. b4 Bd8 39. Kf3 {and the idea a4! leaves White hopeful.} Ra6 {Black is clearly winning.} 40. Rc3 (40. Ra2 $142) 40... Bf6 41. Rdxd3 cxd3 42. Rxd3 Be5 43. Rd8+ Kg7 44. Rd5 Rxa3+ 45. Kg2 Bxg3 {Accuracy: White = 20%, Black = 48%.} 0-1

[Event "RUS-ch Men Blitz 2019"]
[Site "Sochi"]
[Date "2019.10.17"]
[Round "1.5"]
[White "Shimanov, Aleksandr"]
[Black "Tenikashvili, Georgij"]
[Result "1-0"]
[WhiteElo "2587"]
[BlackElo "2337"]
[Annotator "ChessBase"]
[PlyCount "56"]
[EventDate "2019.10.17"]
[EventType "swiss"]
[EventCountry "RUS"]
[SourceTitle "playchess.com"]
[Source "ChessBase"]
[SourceQuality "1"]
[TimeControl "180+2"]

1. g3 {[%emt 0:00:01]} d5 {[%emt 0:00:00]} 2. Nf3 {[%emt 0:00:03]} c6 {[%emt 0:00:05]} 3. Bg2 {[%emt 0:00:03]} Bg4 {[%emt 0:00:02]} 4. c4 {[%emt 0:00:08]} e6 {[%emt 0:00:12]} 5. cxd5 {[%emt 0:00:06]} exd5 {[%emt 0:00:04]} 6. Qb3 {[%emt 0:00:06]} Qb6 {[%emt 0:00:16]} 7. Qc2 {[%emt 0:00:01]} Nf6 {[%emt 0:00:10]} 8. O-O {[%emt 0:00:03]} Bd6 {[%emt 0:00:16]} 9. d3 {[%emt 0:00:03]} O-O {[%emt 0:00:03]} 10. Nc3 {[%emt 0:00:09]} Nbd7 {[%emt 0:00:02]} 11. e4 {[%emt 0:00:04]} Rfe8 {[%emt 0:00:06]} 12. Be3 {[%emt 0:00:09]} Qa6 {[%emt 0:00:25]} 13. Nd4 {[%emt 0:00:44]} dxe4 {[%emt 0:00:45]} 14. dxe4 {[%emt 0:00:01]} Rad8 {[%emt 0:00:04]} 15. h3 Be6 16. Nxe6 {[%emt 0:00:16]} Rxe6 {[%emt 0:00:05]} 17. Rad1 {[%emt 0:00:01]} Rde8 {[%emt 0:00:17]} 18. f4 {[%emt 0:00:14]} Bc5 {[%emt 0:00:01]} 19. Bxc5 {[%emt 0:00:05]} Nxc5 {[%emt 0:00:02]} 20. e5 {[%emt 0:00:01]} Nh5 {[%emt 0:00:05]} 21. Kh2 {[%emt 0:00:03]} g6 {[%emt 0:00:15]} 22. b4 {[%emt 0:00:02]} Qc4 {[%emt 0:00:15]} 23. bxc5 {[%emt 0:00:02]} f6 {[%emt 0:00:02]} 24. Qb3 {[%emt 0:00:06]} Qa6 {[%emt 0:00:09]} 25. Ne4 {[%emt 0:00:05]} Kg7 {[%emt 0:00:02]} 26. g4 {[%emt 0:00:06]} fxe5 {[%emt 0:00:06]} 27. gxh5 {[%emt 0:00:03]} exf4 {[%emt 0:00:02]} 28. Rxf4 {[%emt 0:00:03]} Qe2 {[%emt 0:00:05]} 1-0

[Event "RUS-ch Men Blitz 2019"]
[Site "Sochi"]
[Date "2019.10.20"]
[Round "1.6"]
[White "Savchenko, Boris"]
[Black "Suleymenov, Alisher"]
[Result "1/2-1/2"]
[WhiteElo "2581"]
[BlackElo "2452"]
[Annotator "ChessBase"]
[PlyCount "118"]
[EventDate "2019.10.17"]
[EventType "swiss"]
[EventCountry "RUS"]
[SourceTitle "playchess.com"]
[Source "ChessBase"]
[SourceQuality "1"]
[TimeControl "180+2"]

1. e4 {[%emt 0:00:00]} e6 {[%emt 0:00:00]} 2. d4 {[%emt 0:00:02]} d5 {[%emt 0:00:00]} 3. Nc3 {[%emt 0:00:01]} Bb4 {[%emt 0:00:01]} 4. e5 {[%emt 0:00:01]} Ne7 {[%emt 0:00:01]} 5. a3 {[%emt 0:00:01]} Bxc3+ {[%emt 0:00:01]} 6. bxc3 {[%emt 0:00:01]} c5 {[%emt 0:00:01]} 7. Qg4 {[%emt 0:00:02]} O-O {[%emt 0:00:02]} 8. Bd3 {[%emt 0:00:01]} f5 {[%emt 0:00:01]} 9. exf6 {[%emt 0:00:04]} Rxf6 {[%emt 0:00:01]} 10. Bg5 {[%emt 0:00:22]} Rf7 {[%emt 0:00:01]} 11. Qh5 {[%emt 0:00:01]} g6 {[%emt 0:00:01]} 12. Qd1 {[%emt 0:00:03]} Qa5 {[%emt 0:00:02]} 13. Bd2 {[%emt 0:00:05]} c4 {[%emt 0:00:37]} 14. Be2 {[%emt 0:00:02]} Nbc6 {[%emt 0:00:13]} 15. f4 {[%emt 0:00:20]} Bd7 {[%emt 0:01:09]} 16. Nf3 {[%emt 0:00:14]} Nf5 {[%emt 0:00:19]} 17. O-O {[%emt 0:00:06]} Raf8 {[%emt 0:00:01]} 18. Ne5 {[%emt 0:00:05]} Re7 {[%emt 0:00:22]} 19. a4 {[%emt 0:00:29]} Nd6 {[%emt 0:00:09]} 20. Bf3 {[%emt 0:00:05]} Be8 {[%emt 0:00:07]} 21. Qe1 {[%emt 0:00:10]} Nxe5 {[%emt 0:00:19]} 22. fxe5 {[%emt 0:00:02]} Nf5 {[%emt 0:00:01]} 23. Bc1 {[%emt 0:00:15]} Rff7 {[%emt 0:00:08]} 24. g4 {[%emt 0:00:14]} Ng7 {[%emt 0:00:01]} 25. Ba3 {[%emt 0:00:02]} Rd7 {[%emt 0:00:01]} 26. Bc5 {[%emt 0:00:14]} Qd8 {[%emt 0:00:03]} 27. a5 {[%emt 0:00:10]} Rf4 {[%emt 0:00:07]} 28. Bxa7 {[%emt 0:00:36]} Rdf7 {[%emt 0:00:01]} 29. Qg3 {[%emt 0:00:02]} Qg5 {[%emt 0:00:03]} 30. Bc5 {[%emt 0:00:01]} Nh5 {[%emt 0:00:04]} 31. gxh5 {[%emt 0:00:02]} Qxg3+ {[%emt 0:00:01]} 32. hxg3 Rxf3 33. Rxf3 {[%emt 0:00:07]} Rxf3 {[%emt 0:00:01]} 34. hxg6 {[%emt 0:00:03]} hxg6 {[%emt 0:00:02]} 35. Bb4 {[%emt 0:00:03]} Rxg3+ {[%emt 0:00:01]} 36. Kf2 {[%emt 0:00:00]} Rh3 {[%emt 0:00:01]} 37. a6 {[%emt 0:00:01]} bxa6 {[%emt 0:00:01]} 38. Rxa6 {[%emt 0:00:01]} Bf7 {[%emt 0:00:04]} 39. Ra8+ {[%emt 0:00:02]} Kh7 {[%emt 0:00:02]} 40. Be7 {[%emt 0:00:02]} g5 {[%emt 0:00:02]} 41. Bb4 {[%emt 0:00:03]} Kg6 {[%emt 0:00:01]} 42. Rf8 {[%emt 0:00:02]} Rh2+ {[%emt 0:00:01]} 43. Kg3 {[%emt 0:00:01]} Rxc2 {[%emt 0:00:02]} 44. Kg4 {[%emt 0:00:01]} Rg2+ {[%emt 0:00:01]} 45. Kf3 {[%emt 0:00:01]} Rh2 {[%emt 0:00:01]} 46. Kg3 {[%emt 0:00:01]} Rh1 {[%emt 0:00:04]} 47. Kg2 {[%emt 0:00:00]} Rh4 {[%emt 0:00:04]} 48. Kg3 {[%emt 0:00:01]} Re4 {[%emt 0:00:01]} 49. Kf3 {[%emt 0:00:02]} Re1 {[%emt 0:00:05]} 50. Kg3 {[%emt 0:00:01]} Re2 {[%emt 0:00:02]} 51. Kf3 {[%emt 0:00:01]} Rc2 {[%emt 0:00:02]} 52. Kg3 {[%emt 0:00:01]} Rd2 {[%emt 0:00:03]} 53. Kg4 {[%emt 0:00:03]} Rg2+ {[%emt 0:00:02]} 54. Kf3 {[%emt 0:00:01]} Rg1 {[%emt 0:00:01]} 55. Kf2 {[%emt 0:00:02]} Rg4 {[%emt 0:00:01]} 56. Kf3 {[%emt 0:00:00]} Rf4+ {[%emt 0:00:00]} 57. Kg3 {[%emt 0:00:01]} Re4 {[%emt 0:00:07]} 58. Kf3 {[%emt 0:00:02]} Rf4+ {[%emt 0:00:02]} 59. Kg3 {[%emt 0:00:00]} Re4 {[%emt 0:00:01]} 1/2-1/2

[Event "RUS-ch Men Blitz 2019"]
[Site "Sochi"]
[Date "2019.10.17"]
[Round "1.6"]
[White "Eremeev, Mikhail"]
[Black "Lysyj, Igor"]
[Result "0-1"]
[WhiteElo "2127"]
[BlackElo "2596"]
[Annotator "ChessBase"]
[PlyCount "72"]
[EventDate "2019.10.17"]
[EventType "swiss"]
[EventCountry "RUS"]
[SourceTitle "playchess.com"]
[Source "ChessBase"]
[SourceQuality "1"]
[TimeControl "180+2"]

1. d4 {[%emt 0:00:00]} d5 {[%emt 0:00:00]} 2. Nf3 {[%emt 0:00:01]} Nf6 {[%emt 0:00:00]} 3. Bf4 {[%emt 0:00:04]} c5 {[%emt 0:00:01]} 4. e3 {[%emt 0:00:03]} Nc6 {[%emt 0:00:03]} 5. c3 {[%emt 0:00:04]} Qb6 {[%emt 0:00:01]} 6. Qc1 {[%emt 0:00:01]} Bf5 {[%emt 0:00:07]} 7. Nh4 {[%emt 0:00:04]} Bd7 {[%emt 0:00:06]} 8. Bd3 {[%emt 0:00:08]} Rc8 {[%emt 0:00:06]} 9. Nf3 {[%emt 0:00:12]} Nh5 {[%emt 0:00:09]} 10. dxc5 {[%emt 0:00:30]} Qxc5 {[%emt 0:00:09]} 11. Nbd2 {[%emt 0:00:22]} Nxf4 {[%emt 0:00:07]} 12. exf4 {[%emt 0:00:01]} g6 {[%emt 0:00:02]} 13. O-O {[%emt 0:00:05]} Bh6 {[%emt 0:00:04]} 14. Nb3 {[%emt 0:00:15]} Qb6 {[%emt 0:00:16]} 15. Re1 {[%emt 0:00:06]} O-O {[%emt 0:00:03]} 16. Qd2 {[%emt 0:00:06]} Rfe8 {[%emt 0:00:04]} 17. Ne5 {[%emt 0:00:28]} Nxe5 {[%emt 0:00:17]} 18. Rxe5 {[%emt 0:00:01]} e6 {[%emt 0:00:01]} 19. g3 {[%emt 0:00:08]} a5 {[%emt 0:00:04]} 20. Nd4 {[%emt 0:00:21]} Bg7 {[%emt 0:00:06]} 21. Rae1 {[%emt 0:00:01]} f6 {[%emt 0:00:44]} 22. R5e2 {[%emt 0:00:06]} e5 {[%emt 0:00:00]} 23. fxe5 {[%emt 0:00:15]} fxe5 {[%emt 0:00:01]} 24. Nb3 {[%emt 0:00:05]} a4 {[%emt 0:00:12]} 25. Nc1 {[%emt 0:00:02]} Bg4 {[%emt 0:00:01]} 26. Bb1 {[%emt 0:00:13]} Rcd8 {[%emt 0:00:12]} 27. Re3 {[%emt 0:00:05]} Bh6 {[%emt 0:00:05]} 28. Nd3 {[%emt 0:00:02]} Bxe3 {[%emt 0:00:02]} 29. Rxe3 {[%emt 0:00:02]} Bf5 {[%emt 0:00:06]} 30. Qe2 {[%emt 0:00:02]} a3 {[%emt 0:00:06]} 31. b3 {[%emt 0:00:04]} Qc7 {[%emt 0:00:07]} 32. Bc2 {[%emt 0:00:01]} Qxc3 {[%emt 0:00:03]} 33. b4 {[%emt 0:00:04]} e4 {[%emt 0:00:07]} 34. Nf4 {[%emt 0:00:02]} Qa1+ {[%emt 0:00:07]} 35. Kg2 {[%emt 0:00:00]} d4 {[%emt 0:00:07]} 36. Bb3+ {[%emt 0:00:01]} Kh8 {[%emt 0:00:03]} 0-1

[Event "RUS-ch Men Blitz 2019"]
[Site "Sochi"]
[Date "2019.10.17"]
[Round "1.7"]
[White "Yudin, Sergei"]
[Black "Mnatsakanian, Arsen"]
[Result "1-0"]
[WhiteElo "2497"]
[BlackElo "2321"]
[Annotator "TA"]
[PlyCount "55"]
[EventDate "2019.10.17"]
[EventType "swiss"]
[EventCountry "RUS"]
[SourceTitle "playchess.com"]
[Source "ChessBase"]
[SourceQuality "1"]

{[%evp 20,57,49,31,52,14,55,51,103,106,222,223,241,217,276,214,347,320,323,312,418,420,569,577,691,687,777,763,844,830,790,785,861,748,818,812,1164,935,2139,2306]} 1. e4 d6 2. d4 Nf6 3. Nc3 g6 4. g3 Bg7 5. Bg2 Nbd7 6. Nge2 c6 7. a4 O-O 8. O-O e5 9. h3 Re8 10. Be3 a5 11. Qd2 Qc7 {B07: Pirc Defence: Miscellaneous Systems} 12. g4 (12. Rad1 exd4 13. Nxd4 Nc5 14. f3 Bd7 15. Nde2 Bf8 16. Bd4 Be7 17. Bxf6 Bxf6 18. Qxd6 Qxd6 19. Rxd6 Be7 20. Rd2 Rad8 21. Rfd1 {0-1 (55) Hirneise,T (2466)-Ghaem Maghami,E (2574) Doha 2016}) 12... exd4 13. Bxd4 Ne5 ({Black should play} 13... Nc5 $14) 14. b3 $16 c5 $146 {[#]} (14... Ned7 $16 {was worth a try.}) ({Predecessor:} 14... b6 15. Ng3 Ba6 16. Rfe1 Rad8 17. f4 Ned7 18. g5 Nh5 19. Nxh5 Bxd4+ 20. Qxd4 gxh5 {1-0 (33) Todirel,I (2105)-Manu,A (2035) Sovata 1997}) 15. Be3 $1 $18 Ra6 16. Rad1 Bf8 17. g5 Nfd7 (17... Nh5 {is a better defense.} 18. Nd5 Qd8) 18. Nd5 Qd8 19. Nec3 Bg7 20. Nb5 Rc6 21. f4 {White is clearly winning.} Nf8 22. fxe5 Bxe5 23. Bf4 Bg7 {[#]} 24. Nf6+ $1 Bxf6 25. gxf6 Qxf6 26. Nxd6 Rd8 27. e5 Qg7 28. Qe3 {Played: Bf4-g5} 1-0

[Event "RUS-ch Men Blitz 2019"]
[Site "Sochi"]
[Date "2019.10.17"]
[Round "1.8"]
[White "Sharikov, Alexander"]
[Black "Grachev, Boris"]
[Result "0-1"]
[WhiteElo "2116"]
[BlackElo "2621"]
[Annotator "TA"]
[PlyCount "108"]
[EventDate "2019.10.17"]
[EventType "swiss"]
[EventCountry "RUS"]
[SourceTitle "playchess.com"]
[Source "ChessBase"]
[SourceQuality "1"]

{[%evp 9,108,-154,-75,-96,-93,-94,-47,-53,-53,-43,-45,-54,-56,-90,-12,-81,-81,-70,-60,-104,-80,-88,-53,-109,-69,-69,-35,-30,0,-13,26,0,21,32,22,-1,0,0,6,15,25,-17,-18,-25,-22,-25,-15,-58,-58,-41,-37,-40,0,0,0,0,0,0,0,0,0,0,158,88,84,0,189,72,68,-18,-13,-23,-18,-90,0,0,0,0,-10,-66,-112,-242,-233,-233,-233,-353,-209,-339,-19,-29970,-29971,-29983,-29981,-29985,-29983,-29985,-29986,-29984,-6923,-5061,-4134]} 1. c3 d5 2. Qa4+ (2. f4 g6 3. Nf3 Bg7 4. g3 c6 5. Bg2 Qb6 6. Qb3 Nd7 7. d3 Nh6 8. Na3 Nc5 9. Qxb6 axb6 10. Nc2 Nf5 11. Kf2 O-O 12. g4 Nd6 13. h3 f6 {0-1 (53) Hamitevici,V (2487)-Rodshtein,M (2698) Chartres 2017}) 2... c6 3. g4 e5 4. d3 $146 ({Predecessor:} 4. h3 h5 5. Bg2 hxg4 6. hxg4 Rxh1 7. Bxh1 b5 8. Qc2 Bxg4 9. d3 Qh4 {0-1 (37) Vasiukova,R (1600)-Medvedeva,A (1921) Moscow 2011}) 4... Nd7 5. g5 Ne7 (5... h6 $142 6. Qh4 Bd6) 6. h4 {A00: Irregular Openings} Nc5 7. Qc2 Ne6 8. Nf3 {Black is slightly better.} Qc7 9. Bh3 Bd7 10. Nbd2 O-O-O 11. b4 f5 (11... h6 $17) 12. gxf6 (12. d4 $11 {remains equal.}) 12... gxf6 $17 13. Nb3 Ng6 14. Rg1 Ngf4 15. Bf5 Bd6 16. Be3 (16. Bxf4 $1 $15 Nxf4 17. Rg7) 16... Rhg8 {And now ...Rxg1+ would win.} 17. O-O-O Kb8 18. Bxh7 Rh8 19. Bf5 Rdg8 20. Rg3 Nh5 21. Rxg8+ Rxg8 22. Rg1 (22. Kb2 {looks sharper.} b6 23. a3 Rg2 24. Rh1 Qb7 25. Bh3) 22... Rxg1+ 23. Nxg1 Nef4 24. Bxd7 Qxd7 25. Bxf4 Nxf4 26. Nf3 Qh3 {aiming for ...Qf1+.} 27. Qd1 Qg2 28. Qe1 {[#]} Nxd3+ $1 {[%mdl 576] Deflection} 29. exd3 {Hoping for Nbd2.} Qxf3 30. Kc2 $1 f5 31. Qg1 Qe2+ 32. Nd2 e4 33. Qg8+ {[#]} Kc7 $1 {[%mdl 512]} 34. Qg7+ Kb6 35. Qd4+ Ka6 $2 (35... Kc7 $1 $11) 36. Qe3 (36. a4 $142 $1 {Strongly threatening b5+!} Qxd3+ 37. Qxd3+ exd3+ 38. Kxd3) 36... Qg4 {[#]} 37. a4 ({White should play} 37. Qg5 $1 $16) 37... b6 $2 (37... Qxh4 $11 {and Black has nothing to worry.} 38. dxe4 fxe4) 38. dxe4 (38. Qh6 $18 {is more deadly.} Qf4 39. Qe6) 38... fxe4 $16 39. b5+ (39. Qh6 $14 Qf5 40. Qxd6 (40. b5+ cxb5 41. axb5+ Kxb5 $11) 40... e3+ 41. Kd1 exd2 42. Qg3 (42. Kxd2 Qxf2+ {[%mdl 64] Double Attack} 43. Kd3 Qf5+ 44. Ke3 Qe4+ 45. Kd2 Qg2+ 46. Kc1 Qf1+ 47. Kd2 Qg2+ 48. Kc1 Qf1+ 49. Kd2 Qg2+ $11) (42. Qxc6 Qf3+ 43. Kxd2 Qxf2+ 44. Kd1 Qf1+ 45. Kc2 Qe2+ 46. Kb1 Qe1+ 47. Kc2 Qe2+ 48. Kb3 Qd1+ 49. Ka2 Qd2+ 50. Ka3 Qc1+ 51. Kb3 Qd1+ 52. Kb2 Qd2+ 53. Kb3 Qd1+ $11)) 39... cxb5 $11 40. axb5+ Kxb5 41. Nb3 {[#]} (41. f3 $11 exf3 42. Kb2) 41... Bc5 ({Of course not} 41... Qxh4 $6 42. Nd4+ Ka6 43. Qe2+ Kb7 44. Qb5 $11) (41... Bf4 $1 $17 {[%cal Rf4e3]} 42. c4+ Ka6) 42. Nd4+ Ka6 43. Qg5 Qd7 44. h5 (44. Qe5 $11) 44... Qa4+ 45. Kd2 (45. Kb1 $17) 45... Bxd4 $19 46. cxd4 Qxd4+ {[%mdl 4096] Endgame KQ-KQ} 47. Kc1 (47. Ke1 $142) 47... Qc3+ (47... Qxf2 48. Qxd5 Qg2 49. Qc4+ b5 50. Qc6+ Ka5 51. Qc3+ Kb6 52. Qf6+ Kc7 53. h6 $11) (47... Qa1+ $142 48. Kc2 d4) 48. Kb1 (48. Kd1 {was the only chance.} Qb3+ 49. Ke1) 48... Qe1+ $2 ({Black should try} 48... Qd3+ $19 49. Kb2 d4) 49. Ka2 $2 {[%mdl 8192]} (49. Qc1 $11 Qxf2 50. h6) 49... Qxf2+ 50. Ka3 Qc5+ 51. Ka2 Qc4+ 52. Ka3 Qc3+ 53. Ka2 Qd3 (53... e3 $142 54. Qe7 Qc2+ 55. Ka1 e2 56. Qe8 Qd2 57. h6 e1=Q+ 58. Qxe1 Qxe1+ 59. Ka2 Qd2+ 60. Kb3 Qxh6 61. Kc3 Qe3+ 62. Kb2 Qd2+ 63. Ka1 Kb5 64. Kb1 Kc4 65. Ka1 Kc3 66. Kb1 Qb2#) 54. h6 e3 {Accuracy: White = 24%, Black = 30%.} 0-1

[Event "RUS-ch Men Blitz 2019"]
[Site "Sochi"]
[Date "2019.10.17"]
[Round "1.9"]
[White "Timofeev, Artyom"]
[Black "Magomedov, Rashid"]
[Result "1-0"]
[WhiteElo "2595"]
[BlackElo "2195"]
[Annotator "ChessBase"]
[PlyCount "45"]
[EventDate "2019.10.17"]
[EventType "swiss"]
[EventCountry "RUS"]
[SourceTitle "playchess.com"]
[Source "ChessBase"]
[SourceQuality "1"]
[TimeControl "180+2"]

1. c4 {[%emt 0:00:01]} Nf6 {[%emt 0:00:33]} 2. e3 {[%emt 0:00:02]} e6 {[%emt 0:00:02]} 3. Nf3 {[%emt 0:00:04]} c5 {[%emt 0:00:09]} 4. b3 {[%emt 0:00:03]} Nc6 {[%emt 0:00:15]} 5. Bb2 {[%emt 0:00:02]} b6 {[%emt 0:00:01]} 6. Be2 {[%emt 0:00:08]} Bb7 {[%emt 0:00:01]} 7. O-O {[%emt 0:00:03]} Be7 {[%emt 0:00:09]} 8. d4 {[%emt 0:00:02]} cxd4 {[%emt 0:00:05]} 9. Nxd4 {[%emt 0:00:04]} Nxd4 {[%emt 0:00:04]} 10. Bxd4 {[%emt 0:00:01]} O-O {[%emt 0:00:04]} 11. Nc3 {[%emt 0:00:08]} Ne4 {[%emt 0:00:14]} 12. Nxe4 {[%emt 0:00:05]} Bxe4 {[%emt 0:00:03]} 13. Qd2 {[%emt 0:00:02]} d5 {[%emt 0:00:20]} 14. Qb2 {[%emt 0:00:02]} Bc5 {[%emt 0:00:40]} 15. Rfd1 {[%emt 0:00:19]} Qg5 {[%emt 0:00:17]} 16. g3 {[%emt 0:00:02]} dxc4 {[%emt 0:00:08]} 17. Bxc5 {[%emt 0:00:22]} Qxc5 {[%emt 0:00:03]} 18. Rac1 {[%emt 0:00:02]} Bg6 {[%emt 0:00:19]} 19. Rxc4 {[%emt 0:00:03]} Qa5 {[%emt 0:00:04]} 20. h4 {[%emt 0:00:07]} h6 {[%emt 0:00:01]} 21. b4 {[%emt 0:00:07]} Qf5 {[%emt 0:00:06]} 22. Rf4 {[%emt 0:00:08]} Qd5 {[%emt 0:00:06]} 23. Rxd5 {[%emt 0:00:02]} 1-0

[Event "RUS-ch Men Blitz 2019"]
[Site "Sochi"]
[Date "2019.10.17"]
[Round "1.10"]
[White "Rozhko, Dmitry"]
[Black "Kokarev, Dmitry"]
[Result "0-1"]
[WhiteElo "2305"]
[BlackElo "2593"]
[Annotator "ChessBase"]
[PlyCount "46"]
[EventDate "2019.10.17"]
[EventType "swiss"]
[EventCountry "RUS"]
[SourceTitle "playchess.com"]
[Source "ChessBase"]
[SourceQuality "1"]
[TimeControl "180+2"]

1. d4 {[%emt 0:00:00]} Nf6 {[%emt 0:00:01]} 2. Nf3 {[%emt 0:00:00]} g6 {[%emt 0:00:01]} 3. Bg5 {[%emt 0:00:00]} Bg7 {[%emt 0:00:02]} 4. Nbd2 {[%emt 0:00:01]} O-O {[%emt 0:00:03]} 5. c3 {[%emt 0:00:01]} d6 {[%emt 0:00:02]} 6. e4 {[%emt 0:00:01]} c5 {[%emt 0:00:01]} 7. dxc5 {[%emt 0:00:04]} dxc5 {[%emt 0:00:01]} 8. Bc4 {[%emt 0:00:03]} Nc6 {[%emt 0:00:02]} 9. Qe2 {[%emt 0:00:05]} Na5 {[%emt 0:00:18]} 10. Bd3 {[%emt 0:00:05]} h6 {[%emt 0:00:06]} 11. Bh4 {[%emt 0:00:04]} Be6 {[%emt 0:00:09]} 12. O-O {[%emt 0:00:06]} Qb6 {[%emt 0:00:08]} 13. Rfb1 {[%emt 0:00:16]} Rfd8 {[%emt 0:00:14]} 14. Nc4 {[%emt 0:00:48]} Qa6 {[%emt 0:00:14]} 15. Nxa5 {[%emt 0:00:31]} Qxa5 {[%emt 0:00:08]} 16. Bc4 {[%emt 0:00:10]} Qb6 {[%emt 0:00:02]} 17. Bxe6 {[%emt 0:00:04]} Qxe6 {[%emt 0:00:02]} 18. Bxf6 {[%emt 0:00:19]} Bxf6 {[%emt 0:00:08]} 19. h3 {[%emt 0:00:15]} Bg7 {[%emt 0:00:05]} 20. a4 {[%emt 0:00:28]} Rd7 {[%emt 0:00:02]} 21. Rd1 {[%emt 0:00:02]} Rad8 {[%emt 0:00:02]} 22. Rxd7 {[%emt 0:00:13]} Qxd7 {[%emt 0:00:01]} 23. Qc4 {[%emt 0:00:10]} Qc6 {[%emt 0:00:02]} 0-1

[Event "RUS-ch Men Blitz 2019"]
[Site "Sochi"]
[Date "2019.10.17"]
[Round "1.11"]
[White "Golubov, Saveliy"]
[Black "Akhtariev, Andrey"]
[Result "1-0"]
[WhiteElo "2469"]
[BlackElo "2160"]
[Annotator "ChessBase"]
[PlyCount "79"]
[EventDate "2019.10.17"]
[EventType "swiss"]
[EventCountry "RUS"]
[SourceTitle "playchess.com"]
[Source "ChessBase"]
[SourceQuality "1"]
[TimeControl "180+2"]

1. d4 {[%emt 0:00:00]} Nf6 {[%emt 0:00:00]} 2. Nf3 {[%emt 0:00:00]} e6 {[%emt 0:00:00]} 3. Bf4 {[%emt 0:00:00]} b6 {[%emt 0:00:09]} 4. e3 {[%emt 0:00:02]} Bb7 {[%emt 0:00:01]} 5. Nbd2 {[%emt 0:00:01]} d6 {[%emt 0:00:06]} 6. Bd3 {[%emt 0:00:01]} Nbd7 {[%emt 0:00:16]} 7. O-O {[%emt 0:00:05]} c5 {[%emt 0:00:02]} 8. h3 {[%emt 0:00:04]} Be7 {[%emt 0:00:05]} 9. Bh2 {[%emt 0:00:08]} O-O {[%emt 0:00:14]} 10. a4 {[%emt 0:00:01]} Re8 {[%emt 0:00:03]} 11. c3 {[%emt 0:00:08]} Bf8 {[%emt 0:00:04]} 12. e4 {[%emt 0:00:04]} e5 {[%emt 0:00:05]} 13. dxe5 {[%emt 0:00:14]} dxe5 {[%emt 0:00:09]} 14. Qe2 {[%emt 0:00:03]} Qc7 {[%emt 0:00:08]} 15. Nc4 {[%emt 0:00:03]} Rad8 {[%emt 0:00:08]} 16. Rfd1 {[%emt 0:00:08]} g6 {[%emt 0:00:02]} 17. Bc2 {[%emt 0:00:04]} Ba6 {[%emt 0:00:17]} 18. Bb3 {[%emt 0:00:00]} Bg7 {[%emt 0:00:07]} 19. Qe1 {[%emt 0:00:05]} Re7 {[%emt 0:00:21]} 20. Ncxe5 {[%emt 0:00:20]} Nxe5 {[%emt 0:00:02]} 21. Rxd8+ {[%emt 0:00:02]} Qxd8 {[%emt 0:00:01]} 22. Nxe5 {[%emt 0:00:01]} Qe8 {[%emt 0:00:07]} 23. Bxf7+ {[%emt 0:00:33]} Rxf7 {[%emt 0:00:01]} 24. Nxf7 {[%emt 0:00:01]} Qxf7 {[%emt 0:00:02]} 25. Rd1 {[%emt 0:00:04]} Qe8 {[%emt 0:00:23]} 26. e5 {[%emt 0:00:08]} Nd7 {[%emt 0:00:08]} 27. e6 {[%emt 0:00:06]} Nf6 {[%emt 0:00:03]} 28. Bg3 {[%emt 0:00:26]} Bc4 {[%emt 0:00:05]} 29. e7 {[%emt 0:00:14]} Kf7 {[%emt 0:00:04]} 30. Bd6 {[%emt 0:00:02]} Qxa4 {[%emt 0:00:12]} 31. Rd2 {[%emt 0:00:24]} Ne8 {[%emt 0:00:01]} 32. Qe3 {[%emt 0:00:12]} Bb3 {[%emt 0:00:13]} 33. Qf3+ {[%emt 0:00:07]} Bf6 {[%emt 0:00:02]} 34. Be5 {[%emt 0:00:09]} Kxe7 {[%emt 0:00:06]} 35. Re2 {[%emt 0:00:05]} Qa1+ {[%emt 0:00:10]} 36. Kh2 {[%emt 0:00:01]} Bxe5+ {[%emt 0:00:01]} 37. Rxe5+ {[%emt 0:00:01]} Kd6 {[%emt 0:00:00]} 38. Rxe8 {[%emt 0:00:04]} Qxb2 {[%emt 0:00:05]} 39. Qf6+ {[%emt 0:00:01]} Kd5 {[%emt 0:00:02]} 40. c4+ {[%emt 0:00:01]} 1-0